[Event "MTO"]
[Site "Biel SUI"]
[Date "2010.07.30"]
[Round "11"]
[White "Pavlovic,Milos"]
[Black "Bok,B"]
[Result "1/2-1/2"]
[WhiteElo "2534"]
[BlackElo "2449"]
[EventDate "2010.07.19"]

1. e4 e5 2. Nf3 Nc6 3. Bc4 Nf6 4. d3 Be7 5. O-O O-O 6. Re1 d6 7. c3 Na5 8.
Bb5 a6 9. Ba4 b5 10. Bc2 c5 11. Nbd2 Nc6 12. Nf1 Re8 13. a4 Be6 14. Bg5 h6
15. Bxf6 Bxf6 16. Ne3 Rb8 17. axb5 axb5 18. Bb3 c4 19. Bc2 Ne7 20. d4 Qb6
21. h4 Rbd8 22. g3 Bc8 23. b3 d5 24. exd5 exd4 25. cxd4 cxb3 26. Bxb3 Nf5
27. Nxf5 Bxf5 28. Ne5 Qd6 29. Qe2 Bc8 30. Qxb5 Bxe5 31. dxe5 Rxe5 32. Rac1
Bd7 33. Qa5 Rb8 34. Qc3 Rxe1+ 35. Rxe1 Rc8 36. Qd4 Qa3 37. Re3 Qc1+ 38. Kg2
h5 39. Bd1 g6 40. Re7 Bf5 41. d6 Qc6+ 42. Kh2 Bh3 43. f3 Bd7 44. Bb3 Qxf3
45. Bxf7+ Qxf7 46. Rxf7 Kxf7 47. Qd5+ Be6 48. Qb7+ Kg8 49. d7 Bxd7 50. Qxd7
Rf8 51. g4 hxg4 52. Qxg4 Kh8 53. h5 gxh5 54. Qxh5+ Kg7 55. Kg3 Kf6 56. Kf4
Ke6+ 57. Ke4 Rf7 58. Qg6+ Ke7 59. Ke5 Kf8 60. Kd6 Rd7+ 61. Ke5 Re7+ 62. Kd6
Rd7+ 63. Kc6 Rf7 64. Qh6+ Ke8 65. Qh8+ Rf8 66. Qh5+ Ke7 67. Kd5 Rf6 68. Qg5
Kf7 69. Ke5 Rg6 70. Qh5 Kg7 71. Kf5 Rf6+ 72. Kg5 Rd6 73. Qe8 1/2-1/2

[Event "MTO"]
[Site "Biel SUI"]
[Date "2010.07.30"]
[Round "11"]
[White "Kaplan,S"]
[Black "Ootes,La"]
[Result "1-0"]
[WhiteElo "2422"]
[BlackElo "2315"]
[EventDate "2010.07.19"]

1. e4 d6 2. d4 Nf6 3. Nc3 g6 4. f4 Bg7 5. Nf3 O-O 6. Bd3 Na6 7. O-O c5 8.
d5 Bg4 9. Bc4 Nc7 10. h3 Bxf3 11. Qxf3 a6 12. a4 b6 13. Bd2 Rb8 14. Rfe1 b5
15. axb5 axb5 16. Bf1 Nd7 17. Kh1 b4 18. Nd1 Nb5 19. c3 Qb6 20. Ne3 bxc3
21. bxc3 Qc7 22. Nc4 Ra8 23. Rxa8 Rxa8 24. e5 Ra2 25. e6 fxe6 26. dxe6 Nf6
27. Rb1 d5 28. Rxb5 dxc4 29. Be3 Ra5 30. Rb7 Qd6 31. Bxc4 Ra4 32. Rd7 Qb8
33. Qd1 Rxc4 34. Rd8+ Qxd8 35. Qxd8+ Bf8 36. f5 Kg7 37. Bh6+ Kxh6 38. Qxf8+
Kg5 39. fxg6 hxg6 40. Qxe7 Rxc3 41. Qf7 Rc4 42. e7 Re4 43. g4 Rf4 44. Kg2
c4 45. Qe6 Kh6 46. Qxf6 Rxf6 47. e8=Q g5 48. Qh8+ Kg6 49. Qg8+ 1-0

[Event "MTO"]
[Site "Biel SUI"]
[Date "2010.07.30"]
[Round "11"]
[White "Duschek,V"]
[Black "Nezad,H"]
[Result "0-1"]
[WhiteElo "2269"]
[BlackElo "2398"]
[EventDate "2010.07.19"]

1. e4 e5 2. Nf3 Nc6 3. Bb5 Nge7 4. O-O g6 5. c3 a6 6. Ba4 Bg7 7. d4 exd4 8.
cxd4 O-O 9. d5 b5 10. Bc2 Na5 11. Nc3 d6 12. h3 Bb7 13. Rb1 Rc8 14. Bg5 h6
15. Bh4 Qd7 16. Qd3 c6 17. dxc6 Bxc6 18. Nd4 Ba8 19. Bg3 Rfd8 20. Rfe1 Qa7
21. Nde2 Nc4 22. Red1 d5 23. Bb3 d4 24. Nd5 Nxd5 25. exd5 Rxd5 26. Nf4 Rdd8
27. h4 Qb7 28. f3 Qb6 29. Bf2 Qf6 30. Ne2 Ne5 31. Qd2 Bxf3 32. Re1 Ba8 33.
Qf4 d3 34. Qxf6 Bxf6 35. Nf4 d2 36. Rf1 Kg7 37. Rbd1 Ng4 38. h5 g5 39. Ne2
Be4 40. Nc3 Bd3 41. Rxd2 Bxf1 42. Rxd8 Rxd8 43. Kxf1 Rd2 0-1

[Event "MTO"]
[Site "Biel SUI"]
[Date "2010.07.30"]
[Round "11"]
[White "De Groote,E"]
[Black "Domont,A"]
[Result "0-1"]
[WhiteElo "2251"]
[BlackElo "2328"]
[EventDate "2010.07.19"]

1. e4 c5 2. Nf3 Nc6 3. Bb5 e6 4. Bxc6 bxc6 5. d3 Ne7 6. Nc3 Qc7 7. e5 Ng6
8. Qe2 f6 9. exf6 gxf6 10. g3 d5 11. Nh4 Nxh4 12. gxh4 Rg8 13. Bd2 e5 14.
O-O-O Bg4 15. f3 Bh5 16. Rdg1 Rxg1+ 17. Rxg1 Qd7 18. Qf2 Qf5 19. f4 O-O-O
20. Qf1 Bd6 21. fxe5 Qxf1+ 22. Rxf1 fxe5 23. Rf6 Bg6 24. Na4 Kd7 25. Be3 d4
26. Bg5 Rf8 27. Rxf8 Bxf8 28. b3 Bd6 29. Bd2 e4 30. dxe4 Bxe4 31. Be1 Bd5
32. Bg3 c4 33. Bxd6 Kxd6 34. Nb2 c3 35. Nd3 Be4 36. Nf4 Ke5 37. Ne2 c5 38.
a3 a5 39. Ng3 Bf3 40. Kb1 Kf4 41. h5 a4 42. bxa4 c4 43. Kc1 d3 44. Nf1 Be2
45. Nd2 cxd2+ 46. Kxd2 dxc2 47. a5 Ke5 48. a6 Bxh5 49. a7 Bf3 50. Kxc2 Kd4
51. a4 h5 52. h4 Be4+ 0-1

[Event "MTO"]
[Site "Biel SUI"]
[Date "2010.07.30"]
[Round "11"]
[White "Al Tamimi,H"]
[Black "Mensch,E"]
[Result "1/2-1/2"]
[WhiteElo "2243"]
[BlackElo "2366"]
[EventDate "2010.07.19"]

1. e4 c5 2. Nf3 Nc6 3. Bb5 g6 4. Bxc6 dxc6 5. d3 Bg7 6. h3 Nf6 7. Nc3 Nd7
8. Be3 e5 9. Qd2 h6 10. O-O Qe7 11. Nh2 Nf8 12. f4 exf4 13. Bxf4 Be6 14.
Rae1 g5 15. Bg3 Ng6 16. Nd1 O-O-O 17. Ne3 Be5 18. Bxe5 Nxe5 19. Qc3 f6
1/2-1/2

[Event "MTO"]
[Site "Biel SUI"]
[Date "2010.07.30"]
[Round "11"]
[White "Paikidze,N"]
[Black "Kuhn,T"]
[Result "1-0"]
[WhiteElo "2346"]
[BlackElo "2218"]
[EventDate "2010.07.19"]

1. Nf3 d5 2. d4 Nf6 3. c4 c6 4. Nc3 dxc4 5. a4 Bf5 6. e3 e6 7. Bxc4 Bb4 8.
O-O O-O 9. Qe2 Bg4 10. h3 Bh5 11. Rd1 Nbd7 12. e4 Qe7 13. e5 Nd5 14. Ne4 f6
15. exf6 N7xf6 16. Bg5 Qf7 17. Nxf6+ gxf6 18. Bxd5 exd5 19. Bf4 Rfe8 20.
Qd3 Re4 21. Bg3 a5 22. Qb3 Rae8 23. Rd3 Bxf3 24. Rxf3 Rxd4 25. Rf5 Rde4 26.
Qf3 R8e6 27. Rd1 Kh8 28. Bf4 Qg6 29. g4 Bc5 30. b3 Kg8 31. Bg3 Kg7 32. Kg2
Bd4 33. h4 h6 34. Kh3 Be5 35. h5 Qe8 36. Bh4 Qe7 37. Rg1 Qb4 38. Bg3 Bxg3
39. Rxg3 Qe7 40. Qc3 Qb4 41. Qf3 R4e5 42. Rf4 Qd2 43. g5 hxg5 44. h6+ Kg6
45. h7 Kxh7 46. Qh5+ Kg7 47. Rh4 Re8 48. Qh7+ Kf8 49. Qg6 Ke7 50. Rh7+ Kd6
51. Qxf6+ Kc5 52. Rxb7 Qf4 53. Qg7 Qh4+ 54. Kg2 Qe4+ 55. Kg1 Qf4 56. Rc3+
Kd4 57. Re3 Kc5 58. Rc3+ Kd4 59. Rh3 R8e6 60. Rf7 Qc1+ 61. Kg2 Kc5 62. Qf8+
Kd4 63. Rf5 Re4 1-0

[Event "MTO"]
[Site "Biel SUI"]
[Date "2010.07.30"]
[Round "11"]
[White "Muheim,Sebastian"]
[Black "Kamber,B"]
[Result "0-1"]
[WhiteElo "2160"]
[BlackElo "2302"]
[EventDate "2010.07.19"]

1. e4 c5 2. Nf3 d6 3. d4 Nf6 4. Nc3 cxd4 5. Qxd4 e5 6. Qd3 h6 7. Be3 Be7 8.
O-O-O O-O 9. Be2 Nc6 10. g4 Bxg4 11. Rhg1 Kh8 12. Rg3 Bxf3 13. Bxf3 Nh7 14.
Nd5 Bg5 15. Bxg5 Nxg5 16. Rdg1 Nd4 17. Bd1 Nde6 18. h4 Nf4 19. Qb3 Nxe4 20.
Nxf4 exf4 21. Rxg7 Qf6 22. Qf3 Rae8 23. Be2 Qxh4 24. Bd3 Nf6 25. Qxb7 Qh2
26. R7g2 Qh4 27. Qxa7 f3 28. Rg3 Qf4+ 29. Kb1 Rg8 30. a3 Ng4 31. a4 h5 32.
Rh3 Re5 33. a5 Nf6 34. Rgh1 Qd2 35. Qxf7 Re1+ 36. Rxe1 Qxe1+ 37. Ka2 Qxa5+
38. Kb1 Qe1+ 39. Ka2 Qa5+ 40. Kb1 Rg1+ 0-1